Danske musikeres mest streamede sang 5 - Statistics

General Stats
  • This quiz has been taken 4 times
  • The average score is 7 of 25
Answer Stats
Kunstner Sang % Correct
Volbeat For Evigt
75%
Blæst Juice
75%
Lord Siva Solhverv
75%
The Minds of 99 Under Din Sne
75%
Basim Cliche Love Song
50%
Bamses Venner Vimmersvej
50%
Jimilian Damer på lager
25%
One Two Den bedste tid
25%
Lars HUG Elsker dig for evigt
25%
Jasmin Mit Rette Element
25%
Sko/Torp On A Long Lonely Night
25%
NOAH Over Byen
25%
Sebastian Romeo
25%
Laid Back Sunshine Reggae
25%
Dodo & the Dodos Vågner I Natten
25%
Hej Matematik Walkmand
25%
Calby Burnout
0%
Noah Carter Come Alive
0%
Me & My Dub-I-Dub
0%
Quadron Hey Love
0%
Burhan G Kalder Mig Hjem
0%
Nabiha Mind The Gap
0%
Trentemøller Miss You
0%
Safri Duo Played-A-Live
0%
Carpark North Transparent and Glasslike
0%
No matching quizzes found
Score Distribution
Percent of People with Each Score
Percentile by Number Answered
Your Score History
You have not taken this quiz